Exposition du système du monde; par M. Le Marquis de Laplace, pair de France; Grand officier de la légion-d'Honneur; l'un des quarante de l'Académie Française; de l'Académie des Sciences; membre du Bureau des Longitudes de France; des Sociétes royales de Londres et de Gottingue; des Académies des Sciences de Russie, de Danemarck, de Suède, de Prusse, des Pays-Bas, d'Italie, etc. Cinquième edition, revue et augmentée par l'auteur. Tome Premier, second
Na minha lista:
| Autor principal: | |
|---|---|
| Formato: | Livro |
| Idioma: | francês |
| Publicado em: |
París
Bachelier, Libraire (Successeur de Mme. Ve. Courcier) Quai des Augustins, n§ 55
1824
|
| Edição: | 5a. ed |
| Assuntos: | |
| Tags: |
Adicionar Tag
Sem tags, seja o primeiro a adicionar uma tag!
|
MARC
| LEADER | 00000nam a2200000 a 4500 | ||
|---|---|---|---|
| 001 | UCJ6364 | ||
| 003 | CL-VaPUC | ||
| 008 | 070124e18240000FR |||||||||||||||||fre|d | ||
| 082 | 0 | 4 | |a 523 |b LAP |2 21 |
| 100 | |a Laplace, Pierre-Simón de |e author |9 350349 | ||
| 245 | 1 | 0 | |a Exposition du système du monde; par M. Le Marquis de Laplace, pair de France; Grand officier de la légion-d'Honneur; l'un des quarante de l'Académie Française; de l'Académie des Sciences; membre du Bureau des Longitudes de France; des Sociétes royales de Londres et de Gottingue; des Académies des Sciences de Russie, de Danemarck, de Suède, de Prusse, des Pays-Bas, d'Italie, etc. Cinquième edition, revue et augmentée par l'auteur. Tome Premier, second |
| 250 | |a 5a. ed | ||
| 300 | |a 2 v | ||
| 942 | |c BK | ||
| 945 | |d 20070124 00:00:00 |a rinostro | ||
| 260 | |a París |b Bachelier, Libraire (Successeur de Mme. Ve. Courcier) Quai des Augustins, n§ 55 |c 1824 | ||
| 650 | 0 | |a Cosmografía |9 255932 | |
| 650 | 7 | |a GEOGRAFIA MATEMATICA |2 CL-VaPUC |9 506505 | |
| 650 | 7 | |a SISTEMA SOLAR |2 CL-VaPUC |9 268650 | |
| 650 | 0 | |a Gravitación |9 332312 | |
| 650 | 0 | |a Astronomía |9 260985 | |
| 583 | |a last modification |c 20070124 00:00:00 |k Rodrigo Vera | ||
| 999 | |c 322470 |d 322468 | ||
| 952 | |0 0 |1 0 |4 0 |6 523_000000000000000_LAP_1824 |7 0 |8 X |9 401468 |a FDOBUD |b FDOBUD |d 2019-11-22 |h v.1 |i 1047183 |o 523 LAP 1824 |p 1047183 |r 2019-11-22 |w 2019-11-22 |y BK_X |k BUD | ||
| 952 | |0 0 |1 0 |4 0 |6 523_000000000000000_LAP_1824 |7 0 |8 X |9 401469 |a FDOBUD |b FDOBUD |d 2019-11-22 |h v.2 |i 1047191 |o 523 LAP 1824 |p 1047191 |r 2019-11-22 |w 2019-11-22 |y BK_X |k BUD | ||